| 000 | 00611nam a22002177a 4500 | ||
|---|---|---|---|
| 999 |
_c3752 _d3752 |
||
| 001 | 19349 | ||
| 003 | BD-DhUAP | ||
| 005 | 20200311145720.0 | ||
| 008 | 200311s2005 ii ||||| |||| 00| 0 eng d | ||
| 020 | _a8186423583 | ||
| 040 |
_aBD-DhUAP _bEng _cBD-DhUAP _dBD-DhUAP |
||
| 082 |
_223 _a821.4 DRY |
||
| 100 | _aDryden, John. | ||
| 245 |
_aMacFlecknoe / _cJohn Dryden ; edited by Madhu Grover. |
||
| 260 |
_aDelhi : _bWorldview, _cc2005. |
||
| 300 |
_axliv, 191 pages ; _c22 cm. |
||
| 600 |
_aShadwell, Thomas _d1642-1692 _vIn literature. |
||
| 650 | _aLiterature. | ||
| 710 | _aGrover, Madhu. | ||
| 942 |
_2ddc _cBK |
||